000 00371nam a22001217a 4500
008 230606b xxu||||| |||| 00| 0 eng d
082 _a346.06
_bEAC
100 _cEAC SECRETARIAT
245 _a14TH Ordinary Meeting Of The Council Of Ministers
_bAICC, Arusha-Tanzania 24Th-28Th September 2007
260 _aArusha
_bEAC
_c2007
300 _aii(various paging)
942 _2ddc
_cBK
999 _c534
_d534